| 000 | 01320cam a2200373 i 4500 | ||
|---|---|---|---|
| 001 | C010062024132 | ||
| 003 | yeezen | ||
| 005 | 20250701151253.0 | ||
| 008 | 241022s2023 ch ad g 000 0 chi d | ||
| 020 |
_a9786267093313 _q(平裝) : _cNT$1100 |
||
| 035 | _a(Sirsi) C010062024132 | ||
| 040 |
_aNTUNHS _bchi _cNTUNHS |
||
| 041 | 1 |
_achi _heng |
|
| 042 | _anbic | ||
| 084 |
_a416.5 _2ncsclt |
||
| 090 | _a416.5 | ||
| 100 | 1 |
_a伊利沙 _c(Elisha, Sass) |
|
| 240 | 1 | 0 |
_aCurrent anesthesia practice. _l中文 |
| 245 | 1 | 0 |
_a最新麻醉護理實務 : _b執業四大核心知識指南 / _cSass Elisha, John J. Nagelhout, Jeremy S. Heiner作 ; 方郁嵐等翻譯 |
| 246 | 1 |
_i原文副題名 : _aevaluation & certification review. |
|
| 246 | 3 | 0 | _a執業四大核心知識指南 |
| 246 | 3 | 3 | _a麻醉護理實務 |
| 250 | _a一版 | ||
| 260 |
_a臺北市 : _b臺灣愛思唯爾, _c2023.09 |
||
| 300 |
_a8, 412面 : _b部份彩圖, 表格 ; _c26公分 |
||
| 500 | _a附錄: 1. 知識測驗解答 ; 2. 彩色圖片 | ||
| 500 | _a譯自: Current anesthesia practice : evaluation & certification review. | ||
| 650 | 7 |
_a麻醉學 _2lcstt. |
|
| 650 | 7 |
_a專科護理師 _2lcstt. |
|
| 700 | 1 |
_a納吉侯特 _c(Nagelhout, John J.) |
|
| 700 | 1 |
_a海納 _c(Heiner, Jeremy S.) |
|
| 700 | 1 | _a方郁嵐 | |
| 942 |
_2ccl _cLNTERM |
||
| 999 |
_c7647 _d7647 |
||